| 000 | 01184cam a2200313 a 4500 | ||
|---|---|---|---|
| 001 | 2470644 | ||
| 003 | ARRUPE | ||
| 005 | 20131126172640.0 | ||
| 008 | 900410r19901985mdua b 001 0 eng | ||
| 010 | _a 90036561 | ||
| 020 | _a0819178470 | ||
| 040 |
_aDLC _cDLC _dDLC |
||
| 043 | _an-us--- | ||
| 050 | 1 | 0 |
_aBV3 _b.M43 1990 |
| 100 | 1 |
_aMcCann, Dennis. _94054 |
|
| 245 | 1 | 0 |
_aPolity and praxis : _ba program for American practical theology / _cDennis P. McCann, Charles R. Strain. |
| 260 |
_aLanham : _bUniversity Press of America, _cc1990. |
||
| 300 |
_avi, 245 p. : _bill. ; _c23 cm. |
||
| 500 | _aOriginally published: Minneapolis : Winston Press, c1985. | ||
| 504 | _aIncludes bibliographical references (p. 223-240) and index. | ||
| 650 | 0 |
_aTheology, Practical. _94055 |
|
| 650 | 0 |
_aTheology _xStudy and teaching _zUnited States. _94056 |
|
| 650 | 0 |
_aChristian ethics _zUnited States. _94057 |
|
| 650 | 0 |
_aChristianity and politics. _94058 |
|
| 700 | 1 |
_aStrain, Charles R. _94059 |
|
| 906 |
_a7 _bcbc _corignew _d1 _eocip _f19 _gy-gencatlg |
||
| 942 |
_2lcc _cMONOGRAPH |
||
| 999 |
_c118739 _d118739 |
||